Dar cuenta de sí mismo violencia ética y responsabilidad (Registro nro. 182899)

Detalles MARC
000 -ENCABEZADO
Número de control [NR] 00896nam a22002537a 4500
005 - FECHA Y HORA DE LA ÚLTIMA TRANSACCIÓN
control field 20140903174958.0
008 - DE LONGITUD FIJA DE DATOS DE ELEMENTOS - INFORMACIÓN GENERAL
Elementos de longitud fija [NR] 131114s2009 ag frn 000 e spa d
020 ## - NUMERO INTERNACIONAL NORMALIZADO PARA LIBROS [R]
Número Internacional Normalizado del libro [NR] 9789505187232
040 ## - FUENTE DE CATALOGACION [NR]
Agencia de catalogación original [NR] CO-BoUCM
Idioma de catalogación [NR] spa
Quien Cataloga
Quien Clasifica Aldemar Mondragón
041 00 - CODIGO DE IDIOMA [R]
Código de idioma para texto/pista de sonido o título separado [R] Español
100 1# - ASIENTO PRINCIPAL--NOMBRE PERSONAL [NR]
Nombre personal [NR] Butler, Judith
Fechas asociadas con el nombre [NR] 1956-
ID Autoridad 50361
245 10 - MENCION DE TITULO [NR]
Título [NR] Dar cuenta de sí mismo violencia ética y responsabilidad
Mención de responsabilidad, etc. [NR] Judith Butler ; traducción Horacio Pons
260 ## - PUBLICACION, DISTRIBUCION, ETC. (PIE DE IMPRENTA) [R]
Lugar de publicación, distribución, etc. [R] Buenos Aires (Argentina)
-- Madrid (España)
Nombre del editor, distribuidor, etc. [R] Amorrortu Editores
Fecha de publicación, distribución, etc. [R] 2009
300 ## - DESCRIPCION FISICA [R]
Extensión [R] 183 páginas
490 0# - MENCION DE SERIE [R]
Mención de serie [R] Colección Mutaciones
650 #7 - ASIENTO SECUNDARIO DE MATERIA - TERMINO TEMATICO [R]
Término temático o nombre geográfico como elemento de entrada [NR] Conducta (Ética)
9 (RLIN) 50363
650 #7 - ASIENTO SECUNDARIO DE MATERIA - TERMINO TEMATICO [R]
Término temático o nombre geográfico como elemento de entrada [NR] Ética
9 (RLIN) 50362
650 #7 - ASIENTO SECUNDARIO DE MATERIA - TERMINO TEMATICO [R]
Término temático o nombre geográfico como elemento de entrada [NR] Responsabilidad
9 (RLIN) 23663
690 ## - ASUNTO AGREGADO LOCAL DE ENTRADA - TÉRMINO TEMÁTICO (OCLC, RLIN)
9 (RLIN) 42812
Acceso temático local Ética
700 1# - ASIENTO SECUNDARIO - NOMBRE PERSONAL [R]
Nombre personal [NR] Pons, Horacio
Término de relación [R] traductor
9 (RLIN) 50364
765 ## - ASIENTO DE IDIOMA ORIGINAL [R]
Título [NR] Giving an account of oneself
942 ## - ELEMENTOS DE ENTRADA AGREGADOS (KOHA)
Tema principal Filosofía
Tipo de ítem principal el descrito en 300a Libro
Edición 1
Parte restante de la signatura top. B985d
Sistema de clasificación DEWEY
Clasificación 174
Existencias
Fecha de último préstamo Total préstamos Total Renewals Signatura topográfica Código de barras Última vez visto Ejemplar Costo de reposición Price effective from Tipo de ítem Perdido Sistema de clasificación Dañado No prestable Tipo de ítem específico Suprimido Ubicación habitual Ubicación actual Localización Fecha de creación Proveedor Forma de adquisición Costo
25/08/2023 10 3 174 B985d 100137580 05/12/2025 Ej.1 44175.00 30/10/2013 Libro   DEWEY     Libro   Claustro Claustro 2do piso 30/10/2013 35 Compra 44175.00
13/08/2019 10 5 174 B985d 100137717 05/12/2025 Ej.2 44175.00 05/11/2013 Libro   DEWEY     Libro   Claustro Claustro 2do piso 05/11/2013 35 Compra 44175.00